000 00590nam a2200193Ii 4500
001 2493
003 CO-ViMGA
008 241108s9999||||xx |||||||||||||| ||und||
040 _aCO-ViMGA
_bspa
_erda
_cCO-ViMGA
041 0 _aspa
082 0 4 _a530.2 - F474i
245 1 0 _aFisica:
_b11º Bachillerato por radio
264 1 _aBogotá, Colombia : Presencia Ltda., [Fecha de publicación no identificada]
300 _avolumen
336 _atext
_btxt
_2rdacontent
337 _aunmediated
_bn
_2rdamedia
338 _avolume
_bnc
_2rdacarrier
940 _aidficha_siabuc: 2442. -- ficha_no_siabuc:2493
999 _c47700
_d47700